ՀՀ Գիտությունների ազգային ակադեմիայի հիմնարար գիտական գրադարան  =   Fundamental Scientific Library of NAS RA

Պատմվածքներ / (Record no. 92286)

MARC details
000 -LEADER
fixed length control field 00665nam a2200205 a 4500
003 - CONTROL NUMBER IDENTIFIER
control field AM-YeHGA
040 ## - CATALOGING SOURCE
Original cataloging agency AM-YeHGA
090 ## - LOCALLY ASSIGNED LC-TYPE CALL NUMBER (OCLC); LOCAL CALL NUMBER (RLIN)
-- 93585
001 - CONTROL NUMBER
control field 000256156
005 - DATE AND TIME OF LATEST TRANSACTION
control field 20250618071723.0
008 - FIXED-LENGTH DATA ELEMENTS--GENERAL INFORMATION
fixed length control field 030822s1926 ai 000 | arm d
041 #0 - LANGUAGE CODE
Language code of text/sound track or separate title arm
100 1# - MAIN ENTRY--PERSONAL NAME
Personal name Արազի, Մովսես,
Dates associated with a name 1878-1964
9 (RLIN) 972
245 10 - TITLE STATEMENT
Title Պատմվածքներ /
Statement of responsibility, etc. Արազի.
260 ## - PUBLICATION, DISTRIBUTION, ETC.
Place of publication, distribution, etc. Յերևան :
Name of publisher, distributor, etc. Պետհրատ,
Date of publication, distribution, etc. 1926.
300 ## - PHYSICAL DESCRIPTION
Extent 227 էջ ;
Dimensions 22 սմ.
505 0# - FORMATTED CONTENTS NOTE
Formatted contents note Բովանդ.՝ Արևը; Կիսատ տունը; Վիրավոր թռչունը; Մեծ փականքը ...
650 14 - SUBJECT ADDED ENTRY--TOPICAL TERM
Topical term or geographic name entry element Հայ գրականություն
General subdivision Պատմվածք
942 ## - ADDED ENTRY ELEMENTS (KOHA)
Source of classification or shelving scheme Universal Decimal Classification
Koha item type Գրքեր / Books
Holdings
Withdrawn status Lost status Damaged status Not for loan Collection Home library Current library Date acquired Total checkouts Full call number Barcode Date last seen Price effective from Koha item type Public note Source of classification or shelving scheme
        General Fundamental Scientific Library Fundamental Scientific Library 22/12/2016   AII/38370 220038370 22/12/2016 22/12/2016 Գրքեր / Books 30 Days Loan  
        General Fundamental Scientific Library Fundamental Scientific Library 22/12/2016   AII/38371 220038371 22/12/2016 22/12/2016 Գրքեր / Books 30 Days Loan  
        Kusikian Individual Collection Fundamental Scientific Library Fundamental Scientific Library 20/02/2020   Կուս/236 FL0622399 20/02/2020 20/02/2020 Գրքեր / Books ILL Non-Circ Universal Decimal Classification


ՀՀ ԳԱԱ հիմնարար գիտական գրադարան
ՀՀ,Երևան 0019
Մարշալ Բաղրամյան 24/6
հեռախոս:(374-10) 52-47-50
Հետադարձ կապ

All site content, except where otherwise noted, is licensed under a
Creative Commons License